[Event "O Pohár mìsta Øíèany 2015 - OPEN A"]
[Site "Øíèany"]
[Date "2015.08.29"]
[Round "9.1"]
[White "Plat, Vojtech"]
[Black "Horak, Martin"]
[Result "1-0"]
[WhiteElo "2458"]
[BlackElo "2019"]
[PlyCount "0"]
[EventDate "2015.08.22"]

1. d4 Nf6 2. c4 e6 3. g3 d5 4. Bg2 c6 5. Nf3 Bd6 6. O-O O-O 7. Nc3 Nbd7 8. Nd2
Bc7 9. e4 dxe4 10. Ndxe4 e5 11. d5 cxd5 12. cxd5 Bb6 13. d6 Nxe4 14. Nxe4 Nc5
15. Bg5 Qd7 16. Be7 Re8 17. Ng5 Rxe7 18. dxe7 Qxe7 19. Ne4 Nxe4 20. Bxe4 Bd4
21. Rc1 g6 22. Qf3 Bxb2 23. Rb1 Bd4 24. Bxb7 Rb8 25. Bxc8 Rxc8 26. Rfc1 Rf8
27. Rb3 Rd8 28. Rb7 Qe6 29. Rcc7 Rf8 30. Qe2 Qf5 31. Kg2 h5 32. h4 Bb6 33. Re7
Bd4 34. Qf3 Qxf3+ 35. Kxf3 Kg7 36. a4 Kf6 37. a5 Bc5 38. Rec7 Bd4 39. Ke2 Ke6
40. Re7+ Kd5 41. Rxf7 Rc8 42. Rfc7 Rf8 43. f3 Re8 44. Rc2 Rg8 45. Kd3 g5
46. Rb5+ Ke6 47. Ke4 gxh4 48. gxh4 Rf8 49. Rc6+ Kd7 50. Rh6 1-0

[Event "O Pohár mìsta Øíèany 2015 - OPEN A"]
[Site "Øíèany"]
[Date "2015.08.29"]
[Round "9.2"]
[White "Svatos, Jan"]
[Black "Mejzlik, Ondrej"]
[Result "1/2-1/2"]
[WhiteElo "2285"]
[BlackElo "2312"]
[PlyCount "0"]
[EventDate "2015.08.22"]

1. d4 d5 2. c4 c6 3. Nc3 Nf6 4. cxd5 cxd5 5. Bf4 Nc6 6. Rc1 g6 7. e3 Bg7 8. Bd3
O-O 9. h3 Bf5 10. Bxf5 gxf5 11. Nf3 Qb6 12. Qe2 e6 13. O-O Ne4 14. Na4 Qa5 15.
Nc5 Nxc5 16. Rxc5 Qd8 17. Rfc1 Qd7 18. Ne5 Bxe5 19. Bxe5 f6 20. Bf4 a6 21. b4
Rfc8 22. Qf3 Kh8 23. a4 b6 24. R5c3 Qe8 25. b5 axb5 26. axb5 Na5 27. Rxc8 Rxc8
28. Rxc8 Qxc8 29. Qh5 Qg8 30. Bc7 Nc4 31. Qh4 Qg5 32. Qxg5 fxg5 33. g4 Kg7 34.
Kf1 h5 35. gxh5 Kh6 1/2-1/2

[Event "O Pohár mìsta Øíèany 2015 - OPEN A"]
[Site "Øíèany"]
[Date "2015.08.29"]
[Round "9.3"]
[White "Vesselovsky, Serguei"]
[Black "Hollan, Petr"]
[Result "1/2-1/2"]
[WhiteElo "2348"]
[BlackElo "2070"]
[PlyCount "0"]
[EventDate "2015.08.22"]

1. e4 e5 2. Nf3 Nf6 3. Nc3 Nc6 4. Bb5 Bc5 5. O-O d6 6. d4 exd4 7. Nxd4 Bd7 8.
Bxc6 bxc6 9. Bg5 h6 10. Bh4 g5 11. Bg3 h5 12. h4 Rg8 13. Nf3 Bg4 14. Na4 Nd7 15.
hxg5 Bxf3 16. Qxf3 Qxg5 17. Nxc5 Nxc5 1/2-1/2

[Event "O Pohár mìsta Øíèany 2015 - OPEN A"]
[Site "Øíèany"]
[Date "2015.08.29"]
[Round "9.4"]
[White "Vojta, Tomas"]
[Black "Hrdina, Robin"]
[Result "1-0"]
[WhiteElo "2387"]
[BlackElo "2144"]
[PlyCount "0"]
[EventDate "2015.08.22"]

1. e4 d6 2. d4 Nf6 3. Nc3 e5 4. d5 Be7 5. g3 O-O 6. Bg2 Nbd7 7. Nge2 c6 8. O-O
Re8 9. h3 Bf8 10. a4 a5 11. Be3 Qc7 12. Qd2 cxd5 13. Nb5 Qb8 14. exd5 b6 15. f4
Ba6 16. c4 Nc5 17. Bxc5 bxc5 18. f5 Qd8 19. Nec3 Qb6 20. Kh1 Red8 21. Be4 Be7
22. Bc2 Nd7 23. Rf2 Bf6 24. Ne4 Bxb5 25. axb5 Kf8 26. Rf3 Ra7 27. h4 h6 28. Qh2
Ke7 29. g4 Rh8 30. Re1 Kd8 31. Rh3 Be7 32. g5 f6 33. Rg1 hxg5 34. hxg5 Rxh3
35. Qxh3 Kc7 36. Qh8 Qb8 37. Qxg7 Qd8 38. gxf6 Bxf6 39. Qh6 Ra8 40. Rg6 Be7
41. f6 Bf8 42. Qh7 Ra7 43. Qg8 Ra8 44. Qe6 Qe8 45. Ng5 Kb6 46. Bf5 Nxf6 47. Qxf6
Be7 48. Qf7 Qh8+ 49. Nh7 1-0

[Event "O Pohár mìsta Øíèany 2015 - OPEN A"]
[Site "Øíèany"]
[Date "2015.08.29"]
[Round "9.5"]
[White "Moravec, Vit"]
[Black "Kotyk, Vaclav"]
[Result "1/2-1/2"]
[WhiteElo "2209"]
[BlackElo "2160"]
[PlyCount "0"]
[EventDate "2015.08.22"]

1. c4 g6 2. Nf3 Bg7 3. g3 Nf6 4. Bg2 c6 5. O-O O-O 6. Nc3 d5 7. d4 Ne4 8. cxd5
cxd5 9. Nxe4 dxe4 10. Ne5 Nd7 11. Nxd7 Qxd7 12. Bxe4 Qxd4 13. Qxd4 Bxd4 14. Rd1
Be5 15. Rb1 Rb8 16. b3 Bd6 17. Bf4 Bxf4 18. gxf4 Be6 19. Rbc1 Rfc8 20. Kf1 Rxc1
21. Rxc1 Rc8 22. Rxc8+ Bxc8 23. Ke1 f6 24. Kd2 Kf7 25. Kc3 Ke6 26. Kb4 Kd6
27. a4 b6 28. a5 Ba6 29. e3 e5 30. axb6 axb6 31. fxe5+ Kxe5 32. Bc6 g5 33. Bb5
Bb7 34. Bd3 Be4 35. Bxe4 Kxe4 36. Kb5 Kf3 37. Kxb6 Kxf2 38. b4 Kxe3 39. b5 f5
40. Kc5 f4 41. b6 f3 42. b7 f2 43. b8=Q f1=Q 44. Qe5+ Kf2 45. Qg3+ Ke2 1/2-1/2

[Event "O Pohár mìsta Øíèany 2015 - OPEN A"]
[Site "Øíèany"]
[Date "2015.08.29"]
[Round "9.6"]
[White "Rut, Vojtech"]
[Black "Hollan, Martin"]
[Result "0-1"]
[WhiteElo "2090"]
[BlackElo "2180"]
[PlyCount "0"]
[EventDate "2015.08.22"]

1. d4 d5 2. c4 dxc4 3. e3 e5 4. Nf3 exd4 5. Qxd4 Qxd4 6. Nxd4 Nf6 7. Bxc4 a6
8. a4 Nbd7 9. O-O Ne5 10. Be2 c5 11. Nf3 Nc6 12. Nbd2 Bf5 13. Bc4 Na5 14. Ba2
Be7 15. Re1 Bd3 16. e4 Rd8 17. e5 {dále neèitelné} 0-1

[Event "O Pohár mìsta Øíèany 2015 - OPEN A"]
[Site "Øíèany"]
[Date "2015.08.29"]
[Round "9.7"]
[White "Starek, Stanislav"]
[Black "Gregor, Jiri"]
[Result "1-0"]
[WhiteElo "2153"]
[BlackElo "2242"]
[PlyCount "0"]
[EventDate "2015.08.22"]

1. d4 e6 2. Nf3 d5 3. Bf4 c5 4. e3 Nc6 5. c3 Nf6 6. Nbd2 a6 7. Bd3 Be7 8. Ne5
O-O 9. h4 Bd7 10. g4 Rc8 11. g5 Ne8 12. Bxh7+ Kxh7 13. Nxf7 1-0

[Event "O Pohár mìsta Øíèany 2015 - OPEN A"]
[Site "Øíèany"]
[Date "2015.08.29"]
[Round "9.8"]
[White "Hadzala, Daniel"]
[Black "Marikova, Jana"]
[Result "0-1"]
[WhiteElo "2068"]
[BlackElo "2148"]
[PlyCount "0"]
[EventDate "2015.08.22"]

1. h4 d5 2. h5 c5 3. b3 Nc6 4. e3 e5 5. Bb2 Nf6 6. h6 gxh6 7. d3 Rg8 8. Nd2 Bg4
9. Be2 h5 10. Ndf3 Qe7 11. Nh2 O-O-O 12. Ngf3 e4 13. Nh4 d4 14. Nxg4 hxg4
15. Qd2 g3 16. exd4 gxf2+ 17. Kxf2 cxd4 18. Qf4 e3+ 19. Kg1 Qe6 20. Rf1 Be7
21. Nf5 Rg6 22. Bf3 Bd6 23. Nxd6+ Qxd6 24. Qf5+ Qe6 25. Be4 Nxe4 26. dxe4 Rdg8
27. Rh2 Rg4 28. Qxf7 Qxf7 29. Rxf7 Rxe4 30. Rf1 Nb4 31. g3 Rxg3+ 32. Kh1 Rg7
33. Rd1 e2 34. Re1 Rge7 35. Ba3 Nxc2 0-1

[Event "O Pohár mìsta Øíèany 2015 - OPEN A"]
[Site "Øíèany"]
[Date "2015.08.29"]
[Round "9.9"]
[White "Korsa, Jindrich"]
[Black "Nova, Michaela"]
[Result "0-1"]
[WhiteElo "2138"]
[BlackElo "1791"]
[PlyCount "0"]
[EventDate "2015.08.22"]

1. e4 e6 2. Nc3 d5 3. d4 Bb4 4. e5 c5 5. a3 Bxc3+ 6. bxc3 Ne7 7. Qg4 Qc7
8. Qxg7 Rg8 9. Qxh7 cxd4 10. Ne2 dxc3 11. f4 Bd7 12. Qd3 Nbc6 13. g3 O-O-O
14. Be3 Nf5 15. Bf2 d4 16. Bh3 Nce7 17. O-O Ba4 18. Rfb1 a6 19. Bxf5 Nxf5
20. Nxd4 Bxc2 21. Qxc2 Nxd4 22. Bxd4 Rxd4 23. Rb3 Rc4 24. Rc1 Rd8 25. Rxc3 Rxc3
26. Qxc3 Rd1+ 0-1

[Event "O Pohár mìsta Øíèany 2015 - OPEN A"]
[Site "Øíèany"]
[Date "2015.08.29"]
[Round "9.10"]
[White "Skacel, Jan"]
[Black "Parizek, Vojtech"]
[Result "1/2-1/2"]
[WhiteElo "2051"]
[BlackElo "1886"]
[PlyCount "0"]
[EventDate "2015.08.22"]

1. d4 Nf6 2. c4 g6 3. Nc3 Bg7 4. e4 d6 5. Nf3 O-O 6. Be2 e5 7. O-O Nc6 8. d5
Ne7 9. Ne1 Nd7 10. f3 f5 11. g4 f4 12. Bd2 g5 13. Nd3 h5 14. h3 hxg4 15. hxg4
Kf7 16. Kg2 Ng6 17. Be1 Nf6 18. Rh1 Qe7 19. Bf2 Bd7 20. c5 Rh8 21. Qb3 b6
22. cxd6 cxd6 23. Rxh8 Rxh8 24. Rh1 Rxh1 25. Kxh1 Qf8 26. Kg2 Qh8 27. Nc1 Qc8
28. Qa3 Nxe4 29. fxe4 Bxg4 30. Qxd6 Bxe2 31. Qe6+ Qxe6 32. dxe6+ Kxe6 33. N3xe2
g4 34. Kf1 Kf6 35. Nd3 Kg5 36. b3 g3 37. Nxg3 fxg3 38. Bxg3 1/2-1/2

[Event "O Pohár mìsta Øíèany 2015 - OPEN A"]
[Site "Øíèany"]
[Date "2015.08.29"]
[Round "9.11"]
[White "Zizka, Petr"]
[Black "Kubikova, Hana"]
[Result "1/2-1/2"]
[WhiteElo "1886"]
[BlackElo "2107"]
[PlyCount "0"]
[EventDate "2015.08.22"]

1. b3 c5 2. Bb2 d5 3. e3 Nc6 4. f4 Nf6 5. Nf3 g6 6. Bb5 Bg7 7. O-O O-O 8. Bxc6
bxc6 9. Qe2 Qb6 10. Be5 Bg4 11. Nc3 Ne4 12. Bxg7 Kxg7 13. Qd3 Nxc3 14. Qxc3+ f6
15. d3 Qb4 16. Qe1 Qxe1 17. Raxe1 Bxf3 18. Rxf3 a5 19. e4 d4 20. a4 Rad8 21. f5
e6 22. g4 Rde8 23. Ref1 exf5 24. gxf5 g5 25. h4 gxh4 26. Rh3 h5 27. Rf4 Rg8
28. Rfxh4 Kh6+ 29. Kf2 Rg5 30. Rh2 Rb8 31. Kf3 Rbg8 32. R4h3 R8g7 33. Kf2 Rh7
34. Kf3 Kg7 35. Rh1 Kf7 36. R1h2 Ke7 37. Kf2 Kd6 38. Kf3 Ke5 39. Kf2 Rh8 40. Rh4
Kd6 41. R4h3 Ke5 42. Rh4 Rh6 43. R4h3 Kd6 44. Rh4 Rh7 45. R4h3 c4 46. bxc4 Ke5
47. Rh4 c5 48. Kf3 Rhg7 49. Rxh5 Rg3+ 50. Kf2 Kf4 51. Rh8 Rf3+ 52. Ke2 Rfg3
53. Kf2 Rf3+ 54. Ke2 Rfg3 1/2-1/2

[Event "O Pohár mìsta Øíèany 2015 - OPEN A"]
[Site "Øíèany"]
[Date "2015.08.29"]
[Round "9.12"]
[White "Skalicky, Tomas"]
[Black "Cermak, Jan"]
[Result "1-0"]
[WhiteElo "2119"]
[BlackElo "1962"]
[PlyCount "0"]
[EventDate "2015.08.22"]

1. d4 d5 2. c4 c6 3. Nf3 Nf6 4. Nc3 e6 5. Bg5 dxc4 6. e4 b5 7. e5 h6 8. Bh4 g5
9. Nxg5 hxg5 10. Bxg5 Nbd7 11. exf6 Bb7 12. g3 c5 13. d5 Qb6 14. Bg2 O-O-O
15. O-O Bh6 16. Bxh6 Rxh6 17. a4 b4 18. a5 Qa6 19. Na4 Qxa5 20. dxe6 Bxg2
21. Kxg2 Nxf6 22. Qf3 fxe6 23. Qc6+ Qc7 24. Nb6+ 1-0

[Event "O Pohár mìsta Øíèany 2015 - OPEN A"]
[Site "Øíèany"]
[Date "2015.08.29"]
[Round "9.13"]
[White "Franek, Jan"]
[Black "Krivanek, Vladimir"]
[Result "0-1"]
[WhiteElo "1914"]
[BlackElo "2105"]
[PlyCount "0"]
[EventDate "2015.08.22"]

1. e4 e6 2. d4 d5 3. Nd2 Be7 4. Bd3 Nf6 5. e5 Nfd7 6. f4 c5 7. c3 Nc6 8. Ne2
Qb6 9. Nf3 f6 10. O-O cxd4 11. Nexd4 Nc5 12. Bc2 f5 13. Rb1 Ne4 14. Be3 Bc5
15. Qd3 Bd7 16. b4 Bxd4 17. Nxd4 Nxd4 18. Bxd4 Bb5 19. Bxb6 Bxd3 20. Bxd3 axb6
21. Bxe4 fxe4 22. Rb2 Kd7 23. c4 Rhc8 24. cxd5 exd5 25. f5 Re8 26. f6 gxf6
27. Rxf6 Rxe5 28. Rxb6 e3 29. Kf1 Rf8+ 30. Ke1 Ref5 31. Rb3 d4 32. Rxb7+ Kc6
33. Re7 Rf1+ 34. Ke2 R8f2+ 35. Kd3 Rd2+ 36. Kc4 Rc1+ 37. Rc3 Rxc3# 0-1

[Event "O Pohár mìsta Øíèany 2015 - OPEN A"]
[Site "Øíèany"]
[Date "2015.08.29"]
[Round "9.14"]
[White "Hadrava, Jaroslav"]
[Black "Hanl, Frantisek"]
[Result "0-1"]
[WhiteElo "1927"]
[BlackElo "2052"]
[PlyCount "0"]
[EventDate "2015.08.22"]

1. e4 c6 2. d4 d5 3. Nc3 dxe4 4. Nxe4 Bf5 5. Nc5 e5 6. Nb3 Qc7 7. c3 Nd7 8. Bd3
Bxd3 9. Qxd3 O-O-O 10. Ne2 Bd6 11. Be3 Ngf6 12. Ng3 g6 13. O-O-O Ng4 14. Ne4 Be7
15. Bg5 Nxf2 16. Nxf2 Bxg5+ 17. Kb1 f5 18. dxe5 Nxe5 19. Qg3 Nf7 20. Qxc7+ Kxc7
21. Nd4 Rhe8 22. Rhe1 Be3 23. Nd3 Bxd4 24. cxd4 Rxe1 25. Rxe1 Rxd4 26. Nc5 Kb6
27. Nxb7 Rd7 0-1

[Event "O Pohár mìsta Øíèany 2015 - OPEN A"]
[Site "Øíèany"]
[Date "2015.08.29"]
[Round "9.15"]
[White "Dlouhy, Ondrej"]
[Black "Petr, Jakub"]
[Result "0-1"]
[WhiteElo "1984"]
[BlackElo "1750"]
[PlyCount "0"]
[EventDate "2015.08.22"]

1. e4 c5 2. g3 d5 3. exd5 Qxd5 4. Nf3 Bg4 5. Bg2 Qe6+ 6. Kf1 Nc6 7. d3 Qd7
8. h3 Bh5 9. g4 Bg6 10. Bf4 e6 11. Nc3 O-O-O 12. Qe2 Nf6 13. Nd2 Bd6 14. Bxd6
Qxd6 15. Nc4 Qd7 16. Nb5 Nd5 17. Nbd6+ Kb8 18. Ne4 Bxe4 19. Bxe4 f5 20. Bg2 Nf4
21. Qf3 Qc7 22. Qe3 Nd4 23. Rc1 Rhf8 24. g5 Nxg2 25. Kxg2 Qc6+ 26. f3 f4 27. Qe4
Rd5 28. h4 Ka8 29. Rhe1 e5 30. Nxe5 Rxe5 31. Qxc6 Nxc6 0-1

[Event "O Pohár mìsta Øíèany 2015 - OPEN A"]
[Site "Øíèany"]
[Date "2015.08.29"]
[Round "9.16"]
[White "Petras, Milan"]
[Black "Hurtak, Otto"]
[Result "0-1"]
[WhiteElo "1968"]
[BlackElo "1955"]
[PlyCount "0"]
[EventDate "2015.08.22"]

1. e4 c5 2. c3 d6 3. d4 Nf6 4. Bd3 e6 5. Nf3 Be7 6. O-O O-O 7. dxc5 dxc5 8. Bf4
Nc6 9. Qe2 Bd7 10. Rd1 Qc8 11. Nbd2 Rd8 12. e5 Nd5 13. Qe4 g6 14. Bg5 Kg7
15. Nc4 Qc7 16. Qh4 Bxg5 17. Nxg5 Rh8 18. f4 Raf8 19. Nd6 f6 20. c4 fxg5
21. fxg5 Nxe5 22. Ne4 Nf4 23. Bc2 Bc6 24. Nxc5 Bxg2 25. Qh6+ Kg8 26. b4 Qf7
27. Qh4 Nf3+ 0-1

[Event "O Pohár mìsta Øíèany 2015 - OPEN A"]
[Site "Øíèany"]
[Date "2015.08.29"]
[Round "9.17"]
[White "Stanek, Ondrej"]
[Black "Hradecky, Ivo"]
[Result "0-1"]
[WhiteElo "1637"]
[BlackElo "1965"]
[PlyCount "0"]
[EventDate "2015.08.22"]

1. e4 d6 2. d4 Nf6 3. Nc3 g6 4. f4 Bg7 5. Nf3 O-O 6. Bd3 Na6 7. O-O c5 8. d5
Nc7 9. Qe2 Rb8 10. a4 a6 11. a5 b5 12. axb6 Rxb6 13. Na4 Rb8 14. Bd2 Bd7
15. Rfb1 Nb5 16. c4 Nd4 17. Nxd4 cxd4 18. b4 Ng4 19. c5 Ne3 20. c6 Bg4 21. Qe1
f5 22. b5 axb5 23. Ba5 Qe8 24. Nb6 fxe4 25. Bxe4 Rxf4 26. Bd3 Rxb6 27. Bxb6 Nxd5
28. Ba5 Qxc6 29. Bxb5 Qc5 30. Bd3 Be5 31. Rb5 Qc6 32. Bd2 Ne3 33. Bxe3 dxe3
34. Rc1 Qd7 35. Rb8+ Kg7 36. Rcc8 e2 37. Rg8+ Kh6 38. Qh4+ Bh5 39. Rxg6+ hxg6
40. Rh8+ Kg7 0-1

[Event "O Pohár mìsta Øíèany 2015 - OPEN A"]
[Site "Øíèany"]
[Date "2015.08.29"]
[Round "9.19"]
[White "Maly, Filip"]
[Black "Jelinek, Michal"]
[Result "1-0"]
[WhiteElo "1932"]
[BlackElo "2178"]
[PlyCount "0"]
[EventDate "2015.08.22"]

1. e4 e6 2. d4 d5 3. Nc3 Bb4 4. e5 c5 5. a3 Bxc3+ 6. bxc3 Ne7 7. Nf3 b6 8. a4
O-O 9. Bd3 h6 10. h4 Ba6 11. Ba3 Qc7 12. O-O Bxd3 13. cxd3 Nd7 14. Re1 Rfc8
15. dxc5 bxc5 16. d4 Nc6 17. dxc5 Ndxe5 18. Nd4 Nc4 19. Bc1 N6a5 20. Qg4 Kh7
21. Bf4 Qxc5 22. Nxe6 fxe6 23. Rxe6 Qf8 24. Rae1 Qf7 25. Bxh6 Rg8 26. Bg5 Rae8
27. Be7 g6 28. Rf6 Qxf6 29. Bxf6 Rxe1+ 30. Kh2 Ne5 31. Qg5 Nf7 32. Qxd5 Rf8
33. Qxa5 Nh6 34. Bd4 Rf7 35. Qd8 Ng8 36. Qd5 Rfe7 37. Qg5 Nh6 38. Kh3 R7e4
39. g3 Rf1 40. Kg2 Rfe1 41. h5 Re6 42. Be3 gxh5 43. Qxh5 Rg6 44. Bxa7 Re4
45. Be3 Ree6 46. a5 Kg8 47. Qd5 Nf7 48. Bd4 Rd6 49. Qa8+ Rd8 50. Qb7 Rdd6 51. f4
Nh6 52. f5 Nxf5 53. Qc8+ 1-0

[Event "O Pohár mìsta Øíèany 2015 - OPEN A"]
[Site "Øíèany"]
[Date "2015.08.29"]
[Round "9.20"]
[White "Voracek, Zdenek"]
[Black "Skubal, Ondrej"]
[Result "1-0"]
[WhiteElo "2026"]
[BlackElo "1725"]
[PlyCount "0"]
[EventDate "2015.08.22"]

1. d4 Nf6 2. c4 g6 3. Nc3 Bg7 4. e4 d6 5. f3 O-O 6. Be3 e5 7. Nge2 a5 8. Qd2
exd4 9. Nxd4 Bd7 10. Be2 Nc6 11. Nc2 Nb4 12. Nd4 Nc6 13. Ndb5 Ne7 14. Rd1 Bxb5
15. Nxb5 Nd7 16. O-O Nc6 17. Qc1 b6 18. f4 Na7 19. e5 Nxb5 20. cxb5 Nc5 21. Bf3
Rc8 22. Bc6 Qe7 23. exd6 cxd6 24. Rfe1 Qc7 25. Rd5 Rfd8 26. f5 gxf5 27. Rxf5 Nd3
28. Qd2 Nxe1 29. Qxe1 Re8 30. Bxe8 Rxe8 31. Qf2 Qc4 32. b3 Qd3 33. Rf3 Rxe3
34. Rxe3 Qxb5 35. Qe2 Qc5 36. Kh1 Be5 37. Rf3 f6 38. Qc4+ d5 39. Qg4+ Kf7
40. Rd3 d4 41. g3 Qc2 42. Qf5 Kg7 43. a4 Qc5 44. Kg2 Qc2+ 45. Kh3 Qc6 46. Kh4
Qg2 47. h3 Qe2 48. Qf3 Qc2 49. Qe4 Qc1 50. Qg4+ Kf7 51. Rf3 Qd2 52. Rf5 h6
53. Qe4 Kg7 54. g4 Qh2 55. Rf3 Qd2 56. Rf5 Qh2 57. Qf3 Qd2 58. Kh5 Qh2 59. Qb7+
Bc7 60. Qf3 Be5 61. Qb7+ Bc7 62. h4 Qc2 63. Qd5 Be5 64. Qd7+ Kf8 65. Kg6 1-0

[Event "O Pohár mìsta Øíèany 2015 - OPEN A"]
[Site "Øíèany"]
[Date "2015.08.29"]
[Round "9.21"]
[White "Lacina, Filip"]
[Black "Otruba, Marek"]
[Result "1/2-1/2"]
[WhiteElo "2017"]
[BlackElo "1629"]
[PlyCount "0"]
[EventDate "2015.08.22"]

1. e4 e6 2. d3 d5 3. Nd2 Nf6 4. Ngf3 Be7 5. g3 b6 6. Bg2 Bb7 7. Qe2 O-O 8. O-O
c5 9. e5 Nfd7 10. Re1 Nc6 11. h4 Qc7 12. Nf1 b5 13. Bf4 Nb6 14. Ne3 Rfd8 15. Ng4
Nd4 16. Nxd4 cxd4 17. Bg5 Rac8 18. Rac1 Na4 19. b3 Nc3 20. Qf3 a6 21. a3 Bxg5
22. hxg5 Qe7 23. Qf4 Na2 24. Ra1 Rxc2 25. Bf3 Qxa3 26. Kg2 Rdc8 27. Rh1 Rc1
28. Rxa2 Qxa2 29. Rxc1 Qxb3 30. Rxc8+ Bxc8 31. Qxd4 Qa3 32. Qb6 Qe7 33. Ne3 Kf8
34. Nc2 Ke8 35. Nd4 Qb7 36. Qxb7 Bxb7 37. Kf1 Kd7 38. Ke1 Kc7 39. Kd2 Kb6
40. Kc3 a5 41. Be2 b4+ 42. Kb3 Bc8 43. f4 Bd7 44. Nc2 Bc6 45. Nd4 Bd7 46. Nc2
Bb5 47. Nxb4 axb4 48. Kxb4 Ba6 1/2-1/2

[Event "O Pohár mìsta Øíèany 2015 - OPEN A"]
[Site "Øíèany"]
[Date "2015.08.29"]
[Round "9.22"]
[White "Rastocny, Josef"]
[Black "Vystrcil, Martin"]
[Result "1-0"]
[WhiteElo "1860"]
[BlackElo "2014"]
[PlyCount "0"]
[EventDate "2015.08.22"]

1. d4 Nf6 2. c4 g6 3. Nc3 Bg7 4. e4 d6 5. f3 O-O 6. Be3 e5 7. d5 Ne8 8. Bd3 f5
9. Nge2 f4 10. Bf2 Bd7 11. c5 Qg5 12. Rg1 Qe7 13. Qb3 b6 14. Rc1 dxc5 15. d6+
1-0

[Event "O Pohár mìsta Øíèany 2015 - OPEN A"]
[Site "Øíèany"]
[Date "2015.08.29"]
[Round "9.23"]
[White "Martinec, Karel"]
[Black "Postupa, Pavel"]
[Result "1/2-1/2"]
[WhiteElo "1897"]
[BlackElo "2002"]
[PlyCount "0"]
[EventDate "2015.08.22"]

1. Nf3 Nf6 2. g3 d5 3. d4 g6 4. Bg2 Bg7 5. c4 O-O 6. cxd5 Nxd5 7. Nc3 Nb6
8. O-O Nc6 9. e3 e5 10. d5 Na5 11. e4 c6 12. Bg5 f6 13. Be3 Kh8 14. b4 Nac4
15. Bc5 Re8 16. a4 Nd7 17. Qe2 Ncb6 18. dxc6 bxc6 19. Rfd1 a5 1/2-1/2

[Event "O Pohár mìsta Øíèany 2015 - OPEN A"]
[Site "Øíèany"]
[Date "2015.08.29"]
[Round "9.24"]
[White "Kolasin, Jan"]
[Black "Kovar, Jan"]
[Result "1/2-1/2"]
[WhiteElo "2001"]
[BlackElo "1930"]
[PlyCount "0"]
[EventDate "2015.08.22"]

1. e4 e6 2. Nf3 d5 3. e5 c5 4. b4 cxb4 5. a3 d4 6. Bb2 Nc6 7. Bc4 Nh6 8. Qe2
Nf5 9. O-O Bc5 10. axb4 Nxb4 11. c3 d3 12. Qe4 Nc6 13. Bxd3 Qb6 14. Na3 Bd7
15. Nc4 Qc7 16. Bc2 g6 17. d4 Be7 18. Ne3 Nxe3 19. Qxe3 Na5 20. Qf4 h6 21. Ba3
g5 22. Qg3 Bxa3 23. Rxa3 Nc4 24. Raa1 Bc6 25. h4 Qe7 26. hxg5 Bxf3 27. Qxf3 Nd2
28. Ba4+ Kf8 29. Qf4 Nxf1 30. gxh6 Nd2 31. Qxd2 Qh4 32. g3 Qh5 33. Bd1 Qxh6
34. Qxh6+ Rxh6 35. Bf3 1/2-1/2

[Event "O Pohár mìsta Øíèany 2015 - OPEN A"]
[Site "Øíèany"]
[Date "2015.08.29"]
[Round "9.25"]
[White "Pribyl, Jaroslav"]
[Black "Skala, Jaromir"]
[Result "1/2-1/2"]
[WhiteElo "1928"]
[BlackElo "1959"]
[PlyCount "0"]
[EventDate "2015.08.22"]

1. d4 Nf6 2. c4 g6 3. Nc3 Bg7 4. e4 d6 5. f4 O-O 6. Nf3 c5 7. Be2 a6 8. O-O
cxd4 9. Nxd4 Nc6 10. Nc2 b6 11. Be3 Bb7 12. Bf3 Na5 13. Qe2 Rc8 14. Na3 e6
15. Na4 Nd7 16. Rfd1 Nc5 17. Nxc5 bxc5 18. e5 d5 19. cxd5 exd5 20. Rac1 d4
21. Bxb7 Nxb7 22. Qxa6 Qd5 23. Bd2 Rfe8 24. Qc4 Qe4 25. Re1 Qf5 26. Qd5 Re7
27. Nc4 Rd7 28. Qf3 Qe6 29. g4 Qa6 30. a3 Bh6 31. Qh3 Bf8 32. f5 d3 33. f6 Rd4
34. b3 Qe6 35. Ne3 Qxe5 36. Qf3 Re4 37. Nc4 Qd4+ 38. Kh1 Nd6 39. Nxd6 Rxe1+
40. Rxe1 Qxd6 41. Kg2 Qd4 42. Re4 Qd6 43. Rc4 Re8 44. Re4 Rxe4 45. Qxe4 Qxf6
46. Qxd3 Qb2 47. g5 Qxa3 48. Qe3 Qa2 49. Kh3 c4 50. bxc4 Qxc4 51. Bc3 Qe6+
52. Qxe6 1/2-1/2

[Event "O Pohár mìsta Øíèany 2015 - OPEN A"]
[Site "Øíèany"]
[Date "2015.08.29"]
[Round "9.26"]
[White "Splichal, Petr"]
[Black "Paulovic, Milan"]
[Result "1/2-1/2"]
[WhiteElo "2009"]
[BlackElo "1871"]
[PlyCount "0"]
[EventDate "2015.08.22"]

1. d4 d5 2. c4 e6 3. Nc3 c6 4. e4 dxe4 5. Nxe4 Bb4+ 6. Bd2 Bxd2+ 7. Qxd2 h6
8. Nf3 Nf6 9. Nxf6+ Qxf6 10. Bd3 Nd7 11. O-O O-O 12. Rfe1 1/2-1/2

[Event "O Pohár mìsta Øíèany 2015 - OPEN A"]
[Site "Øíèany"]
[Date "2015.08.29"]
[Round "9.27"]
[White "Petrun, Milan"]
[Black "Korsa, Jiri"]
[Result "1-0"]
[WhiteElo "1991"]
[BlackElo "1844"]
[PlyCount "0"]
[EventDate "2015.08.22"]

1. Nf3 d5 2. d4 c5 3. e3 Nc6 4. c4 dxc4 5. d5 Nb4 6. Bxc4 Nf6 7. Nc3 Bf5 8. O-O
a6 9. a3 b5 10. axb4 cxb4 11. Nxb5 axb5 12. Bxb5+ Nd7 13. Rxa8 Qxa8 14. Bc6 Qa5
15. Qd4 1-0

[Event "O Pohár mìsta Øíèany 2015 - OPEN A"]
[Site "Øíèany"]
[Date "2015.08.29"]
[Round "9.28"]
[White "Civin, Dominik"]
[Black "Vavrinec, Tomas"]
[Result "0-1"]
[WhiteElo "1793"]
[BlackElo "1918"]
[PlyCount "0"]
[EventDate "2015.08.22"]

1. c4 c5 2. Nc3 Nc6 3. g3 g6 4. Bg2 Bg7 5. d3 Nf6 6. e4 O-O 7. Nge2 d6 8. O-O
a6 9. f4 Rb8 10. Rb1 Bd7 11. h3 b5 12. b3 b4 13. Nd5 e6 14. Ne3 Ne8 15. f5 Ne5
16. g4 Nc7 17. Bb2 Bc6 18. d4 cxd4 19. Nxd4 Ba8 20. Qc2 Qh4 21. Ne2 Rbc8 22. Nd1
a5 23. Nf2 Na6 24. Nd3 Nc5 25. Nxe5 dxe5 26. Rbd1 Rfd8 27. Bc1 exf5 28. exf5 e4
29. Be3 Rxd1 30. Qxd1 Nd3 31. Qd2 Qd8 32. Ng3 Bc3 33. Qe2 Qe7 34. Bd2 Bd4+
35. Kh1 Re8 36. Be3 Bc3 37. Bd2 Qh4 38. Bxc3 bxc3 39. Qe3 c2 40. Ne2 Ne1 41. Nc1
Nxg2 42. Kxg2 Rd8 43. Rf2 Rd3 44. Nxd3 exd3+ 45. Kf1 Qxh3+ 46. Ke1 Qxe3+ 0-1

[Event "O Pohár mìsta Øíèany 2015 - OPEN A"]
[Site "Øíèany"]
[Date "2015.08.29"]
[Round "9.29"]
[White "Tejkal, Jiri"]
[Black "Chajda, Patrik"]
[Result "0-1"]
[WhiteElo "1909"]
[BlackElo "1647"]
[PlyCount "0"]
[EventDate "2015.08.22"]

1. d4 Nf6 2. Nf3 g6 3. Bf4 Bg7 4. e3 O-O 5. c4 d5 6. Nc3 c5 7. dxc5 Qa5 8. Be2
dxc4 9. Bxc4 Ne4 10. O-O Nxc3 11. bxc3 Nc6 12. Qe2 Qxc5 13. Rfd1 Na5 14. Bd5 Bf5
15. e4 e6 16. Be3 Qc7 17. exf5 exd5 18. Rxd5 Rfe8 19. Qb5 Nc6 20. Rb1 Rad8
21. Rc5 Qd6 22. g3 Rd7 23. Bf4 Qd3 24. Kg2 Bf8 25. Qxd3 Rxd3 26. Rcb5 Rxc3
27. Rxb7 Rc2 28. Rc7 Ree2 29. Rf1 Nb4 30. Rxa7 Nd3 31. Ra8 Rxf2+ 32. Rxf2 Nxf2
33. Bh6 Ng4+ 34. Kh3 Nxh6 35. g4 gxf5 36. gxf5 Nxf5 37. a4 Kg7 38. Kg4 Ne3+
39. Kf4 Nd5+ 40. Ke4 Nb6 41. Ra7 Rc4+ 42. Kf5 Rxa4 43. Rb7 Ra5+ 44. Kg4 Nc4
45. Ng5 Ne5+ 46. Kh5 Ra6 47. Kh4 Rh6+ 48. Kg3 Bd6 49. Ne4 Nc4+ 50. Kg4 Rxh2
{dále neèitelné} 0-1